LUCY 2006. 150 anni di rivoluzione femminista / Parte prima
Uloženo v:
| Další autoři: | , , , |
|---|---|
| Médium: | Kniha |
| Jazyk: | angličtina |
| Tagy: |
Žádné tagy, Buďte první, kdo vytvoří štítek k tomuto záznamu!
|
MARC
| LEADER | 00000nam a2200000 4500 | ||
|---|---|---|---|
| 005 | 20240227141715.0 | ||
| 008 | 240227b |||||||| |||| 00| 0 eng d | ||
| 040 | |c C | ||
| 245 | |a LUCY 2006. |b 150 anni di rivoluzione femminista / Parte prima | ||
| 700 | |a Morace, Sara | ||
| 700 | |a Baragli, Lucia | ||
| 700 | |a Andreotti, Sara | ||
| 700 | |a Lorenta, Eva | ||
| 942 | |2 ddc |c BK |n 0 | ||
| 952 | |0 0 |1 0 |2 ddc |4 0 |6 362_000000000000000_MOR_LUC |7 1 |9 743 |a GE |b GE |d 2015-03-08 |l 0 |o 362 MOR LUC |p 2311 |r 2024-02-27 14:17:46 |w 2024-02-27 |y BK | ||
| 999 | |c 699 |d 699 | ||